00861nab a2200253 uc450000100070000000500170000700800410002403500110006503500210007604000130009704100080011010000360011824501360015465000130029065000210030365000150032465000140033965000260035370000270037970000290040670000320043570000330046777301070050058427820240201133532.0000315e19990701 spa  a584278 a(OCoLC)819823996 ccomduadb aspa10aSalas Auvert, Jesus A4auteaut10aCaracteristicas normativas de la escala de respuesta a la sugestion de la Universidad de Carleton : Datos en una muestra venezolana aHipnosis aSugestion mental aMedición aVenezuela aComportamiento humano10aBodden, John4auteaut10aRivera, Ivonne4auteaut10aRincon, Rilma,cR4auteaut10aDattilio, Frank M.4auteaut0 tPsicología desde el Caribe (Barranquilla)gNo. 04, Jul.-Dic. 1999, p.20-31w562072z0123417X0140616